NRL teams - Statistics

General Stats
  • This quiz has been taken 223 times
  • The average score is 13 of 17
Answer Stats
Hint Answer % Correct
Vic Storm
92%
Qld Broncos
91%
NZ Warriors
90%
Nsw Panthers
88%
Qld Cowboys
85%
Nsw Tigers
82%
Act Raiders
81%
Qld Dolphins
80%
Nsw Roosters
79%
Nsw Eels
77%
Qld Titans
74%
Nsw Sharks
73%
Nsw Rabbitohs
72%
Nsw Bulldogs
63%
Nsw Knights
62%
Nsw Sea eagles
59%
Nsw Dragons
58%
No matching quizzes found
Score Distribution
Percent of People with Each Score
Percentile by Number Answered
Your Score History
You have not taken this quiz